000 01459nam a2200361Ia 4500
001 ebr10387722
003 CaPaEBR
006 m u
007 cr cn|||||||||
008 920708r19931859alua sb s000 0 eng d
010 _z 92027936
020 _z9780817306830
020 _z0817306838 (alk. paper)
040 _aCaPaEBR
_cCaPaEBR
035 _a(OCoLC)45842877
050 1 4 _aQH105.A2
_bG6 1993eb
082 0 4 _a508.761
_220
100 1 _aGosse, Philip Henry,
_d1810-1888.
245 1 0 _aLetters from Alabama, (U.S.)
_h[electronic resource] :
_bchiefly relating to natural history /
_cPhilip Henry Gosse; with an introduction by Harvey H. Jackson III.
250 _aAnnotated ed.
260 _aTuscaloosa :
_bUniversity of Alabama Press,
_cc1993.
300 _a324 p. :
_bill.
490 1 _aThe Library of Alabama classics
504 _aIncludes bibliographical references.
533 _aElectronic reproduction.
_bPalo Alto, Calif. :
_cebrary,
_d2011.
_nAvailable via World Wide Web.
_nAccess may be limited to ebrary affiliated libraries.
600 1 0 _aGosse, Philip Henry,
_d1810-1888
_vDiaries.
650 0 _aNatural history
_zAlabama.
651 0 _aAlabama
_xDescription and travel.
655 7 _aElectronic books.
_2local
710 2 _aebrary, Inc.
830 0 _aLibrary of Alabama classics.
856 4 0 _uhttp://site.ebrary.com/lib/rucke/Doc?id=10387722
_zAn electronic book accessible through the World Wide Web; click to view
999 _c92578
_d92578